000 00690nam a2200205 a 4500
005 20240215063731.0
008 151026s2011 mx r 000 0 spa d
020 _a9786077613640
035 _aUPN01000206353
049 _aCG
050 4 _aH62
_bI5.9
245 0 0 _aInvestigar para incidir :
_breflexiones sobre los desafíos y tareas del científico social contemporáneo /
_ccoord. Leticia Calderón Chelius.
260 _aMéxico :
_bInstituto Mora,
_c2011.
300 _a167 p. :
_bil.
650 4 _aCiencias sociales
_xInvestigación
_97497
650 2 _aCooperación internacional
_912382
700 1 _aCalderón Chelius, Leticia,
_ecoord.
905 _aLibro
999 _c178454
_d178454